000 01226naa a2200337 c 4500
001 30795
003 ES-MaCES
005 19990622173900.0
008 950731n1995 sp ||| | spa d
035 _aCES19980047359v
040 _aES-MaCES
_bspa
_cES-MaCES
245 0 0 _aSanté au travail
_cSéminaire ISERES-CGT, Montreuil, 14 décembre 1994
300 _a73 p.
_c30 cm
500 _aP Compra
504 _aBibliografía
650 4 _aenfermedad profesional
_928346
650 4 _asalud mental
_927001
650 4 _ahoras de trabajo
_928335
650 4 _aergonomía
_928325
650 4 _asalud en el trabajo
_928347
650 4 _amortalidad
_928506
650 4 _aesperanza de vida
_929809
650 4 _acondiciones de trabajo
_928327
653 1 0 _aSalud
710 2 _aInstitut syndical d'études et de recherches économiques et sociales (Francia)
_bSeminario
_d1994
_cMontreuil
_94345
710 2 _aConfédération générale du travail (Francia)
_bSéminaire
_d1994
_cMontreuil
_92296
773 0 _tAnalyses et documents économiques
_gN. 64 (abr. 1995){10441 R. 011167}
_w(ES-MaCES)25449
_959060
902 _aMON Monográfico de revista
942 _2CES
_cAR
_h3.1.
999 _c30795
_d30795